Medical Genetics (Record no. 4617)

MARC details
000 -LEADER
fixed length control field 00606nam a22002297a 4500
003 - CONTROL NUMBER IDENTIFIER
control field OSt
005 - DATE AND TIME OF LATEST TRANSACTION
control field 20160704140131.0
008 - FIXED-LENGTH DATA ELEMENTS--GENERAL INFORMATION
fixed length control field 160615b xxu||||| |||| 00| 0 eng d
020 ## - INTERNATIONAL STANDARD BOOK NUMBER
International Standard Book Number 0323040357
020 ## - INTERNATIONAL STANDARD BOOK NUMBER
International Standard Book Number 9780323040358
040 ## - CATALOGING SOURCE
Transcribing agency DNLM
082 ## - DEWEY DECIMAL CLASSIFICATION NUMBER
Classification number QZ50 M467j 2006
100 ## - MAIN ENTRY--PERSONAL NAME
Personal name Jorden, Lynn B. [et....al]
9 (RLIN) 9407
245 ## - TITLE STATEMENT
Title Medical Genetics
250 ## - EDITION STATEMENT
Edition statement 3rd ed.
260 ## - PUBLICATION, DISTRIBUTION, ETC. (IMPRINT)
Place of publication, distribution, etc. Missouri;
Name of publisher, distributor, etc. Mosby.
Date of publication, distribution, etc. 2006
300 ## - PHYSICAL DESCRIPTION
Extent xii,363p;
Other physical details col.ill:
Dimensions 27.5cm
504 ## - BIBLIOGRAPHY, ETC. NOTE
Bibliography, etc Answers, glossary, & index included
650 ## - SUBJECT ADDED ENTRY--TOPICAL TERM
Topical term or geographic name as entry element Medical genetics
9 (RLIN) 5895
650 ## - SUBJECT ADDED ENTRY--TOPICAL TERM
Topical term or geographic name as entry element Human cells
9 (RLIN) 9408
942 ## - ADDED ENTRY ELEMENTS (KOHA)
Source of classification or shelving scheme Other/Generic Classification Scheme
Koha item type Open Shelf
Holdings
Withdrawn status Lost status Source of classification or shelving scheme Damaged status Not for loan Home library Current library Date acquired Source of acquisition Inventory number Total Checkouts Full call number Barcode Date last seen Price effective from Koha item type
    Other/Generic Classification Scheme     MUST Main Library MUST Main Library 04/07/2016   10/32238   QZ50 M467j 2006 2016-2971 04/07/2016 04/07/2016 Open Shelf